| 000 | 00543nam a2200217Ia 4500 | ||
|---|---|---|---|
| 005 | 20250425162545.0 | ||
| 008 | 250425s9999 xx 000 0 und d | ||
| 020 | _a9780521775335 | ||
| 041 | _aeng | ||
| 082 | _a428.64 | ||
| 100 | _aHANCOCK, PENNY | ||
| 245 | 0 | _aJUST GOOD FRIENDS | |
| 250 | _a1ST ED. | ||
| 260 | _aCAMBRIDGE | ||
| 260 |
_aReino Unido _bCAMBRIDGE UNIVERSITY PRESS _c1999 |
||
| 300 | _a64 | ||
| 650 | _aIDIOMA INGLES-LIBROS DE TEXTO PARA EXTRANJEROS | ||
| 650 | _aITALIA-FICCION | ||
| 942 | _c01 | ||
| 010 | _a85518 | ||
| 999 |
_c231698 _d231698 |
||